[Event "Novgorod"]
[Site "Novgorod"]
[Date "1994.??.??"]
[Round "8"]
[White "Kramnik, Vladimir"]
[Black "Short, Nigel D"]
[Result "1/2-1/2"]
[WhiteElo "2725"]
[BlackElo "2665"]
[Annotator "Hansen,Cu"]
[PlyCount "92"]
[EventDate "1994.08.??"]
[EventType "tourn"]
[EventRounds "10"]
[EventCountry "RUS"]
[EventCategory "19"]
[SourceTitle "CBM 043"]
[Source "ChessBase"]
[SourceDate "1994.12.01"]
[SourceVersion "1"]
[SourceVersionDate "1994.12.01"]
[SourceQuality "1"]

1. Nf3 d5 2. d4 Nf6 3. c4 dxc4 4. Nc3 c6 5. a4 Bf5 6. Ne5 Nbd7 7. Nxc4 Nb6 8.
Ne5 (8. e3 e6 9. a5 Nxc4 10. Bxc4 Bd6 11. Be2 Qc7 (11... a6 12. Bf3 e5 13. e4
Be6 14. Be3 Qe7 15. O-O O-O 16. Qe2 Rad8 17. d5 {Smejkal,J-Hort,V/BL/1984/1/
2-1/2}) 12. h3 O-O 13. O-O e5 $10 {Portisch,F-Weinzettl,E/Wien op/1986/}) 8...
a5 (8... e6 9. f3 (9. e3 Bd6 (9... Bb4 10. Nd3 (10. Bd2 Nfd7 11. Nd3 Be7 12. e4
Bg6 13. Nf4 e5 14. Nxg6 hxg6 $10 {Razuvaev,Y-Chernin,A/USSR/1985/}) 10... Be7
11. f3 Bg6 12. Be2 O-O 13. O-O Bxd3 14. Bxd3 c5 $10 {Ftacnik,L-Meduna,E/Praha/
1989/}) (9... Nbd7 10. Nd3 Bd6 11. Qb3 Qb6 $10 {Pekarek,A-Meduna,E/Prag chip/
1992/}) 10. Be2 O-O 11. O-O c5 12. a5 cxd4 13. exd4 Nbd5 $10 {Stempin,P-Meduna,
E/Haifa EU-chT/1989/}) (9. Bg5 Be7 (9... h6 10. Bh4 c5 11. a5 cxd4 12. axb6
dxc3 13. Qa4+ Ke7 14. Rd1 $18 {Malanjuk-Meduna/Forli op/1990/}) 10. e3 O-O 11.
Bd3 Nfd7 12. Bxe7 Qxe7 13. Bxf5 exf5 14. Nd3 c5 15. O-O cxd4 16. exd4 $14 {
Georgiev,Kir-Ninov,K/Stara Zagora zt/1990/}) 9... Nfd7 (9... Bb4 10. e4 (10. a5
Nbd5 11. Bd2 Nxc3 12. Bxc3 Nd5 13. Qb3 Qh4+ 14. g3 Qxd4 $17 {Rossiter,
P-Botterill,G/ch-GB/1987/}) 10... Bxe4 (10... Bg6 11. Be3 $16 {Gelfand,
B-Drasko,M/Tallinn/1989/}) 11. fxe4 Nxe4 12. Qd3 Nd5 13. Bd2 Nxd2 14. Qxd2 O-O
15. Be2 c5 16. O-O Rc8 {0,5/Chabanon,JL-Kirov,N/France-Bulgaria/1990/}) (9...
Nbd7 10. e4 Bg6 11. Nc4 Bb4 12. Bg5 Be7 13. Be3 O-O 14. Be2 $14 {Komljenovic,
D-Velikov,P/Torcy op/1991/}) 10. a5 Nxe5 11. axb6 Nd7 12. e4 Bg6 13. Rxa7 Nxb6
14. Rxa8 {0,5/Sosonko,G-Hort,V/BL/1981/} (14. Rxb7 Ra1 15. Kf2 Bd6 16. Qb3 Rxc1
17. Qxb6 O-O $15 {Lutz,C-Meduna,E/Porz/1988/})) (8... g6 9. f3 Nbd7 10. e4 $16
{Petran,P-Hardicsay,P/Elekes Budapest/1992/}) 9. g3 (9. f3 Nfd7 10. Nxd7 Nxd7
11. e4 Bg6 12. d5 e5 13. dxe6 fxe6 14. Qb3 (14. Be3 Bc5 15. Bxc5 Nxc5 16. Bc4
Qxd1+ 17. Kxd1 $14 {Miles,A-Kirov,N/Capelle la Grande/1994/}) 14... Nc5 15. Qc2
$14 {Kozul,Z-Kirov/Novi Sad/1990/}) 9... e6 10. Bg2 {/\e2-e4} Bb4 11. O-O O-O
12. e3 (12. e4 $2 Bxc3 $17) 12... h6 13. Qe2 Bh7 14. Rd1 {/\e3-e4} Nfd7 15. Nd3
Qe7 (15... Be7 16. e4 $14) 16. e4 e5 (16... Rfd8 17. Bf4 $14) 17. d5 (17. dxe5
Nxe5 18. Nxe5 Qxe5 19. Bf4 Qe6 $15) 17... Rfd8 (17... Bxc3 18. bxc3 {/\Ba3})
18. Be3 Bxc3 19. bxc3 {/\Rdb1} cxd5 20. exd5 Nc4 $1 21. Bxh6 gxh6 22. Qg4+ Qg5
23. Qxc4 Rac8 24. Qb5 (24. Qb3 $2 Bxd3 25. Rxd3 Nc5) 24... Rxc3 25. Ne1 (25. f4
Bxd3 (25... exf4 26. Nxf4 $16) 26. fxg5 Bxb5 27. axb5 b6 28. gxh6 Nc5 $44)
25... b6 26. d6 e4 27. Rd5 Qf6 {/\Rc5 -+} 28. Rad1 e3 29. fxe3 Rxe3 {פc2} 30.
Nd3 Qc3 (30... Bxd3 $5 31. R5xd3 Rxd3 32. Qxd3 Nc5 $10) 31. Nf4 Be4 32. R5d2 (
32. Bxe4 Rxe4 $10) 32... Qc5 $10 33. Qxc5 Nxc5 34. Bxe4 Rxe4 35. Nd5 {/\Nf6+}
Kf8 36. Nxb6 Nxa4 37. Nxa4 Rxa4 38. Rd5 Rd7 39. Kg2 Ra2+ 40. Kh3 a4 41. Ra5 a3
42. g4 Kg7 43. Kg3 Kg6 44. h3 Kg7 45. Kh4 Kg6 46. Ra8 Kh7 1/2-1/2

[Event "Novgorod"]
[Site "Novgorod"]
[Date "1994.??.??"]
[Round "9"]
[White "Bareev, Evgeny"]
[Black "Kramnik, Vladimir"]
[Result "1-0"]
[WhiteElo "2675"]
[BlackElo "2725"]
[Annotator "Hansen,LB"]
[PlyCount "73"]
[EventDate "1994.08.??"]
[EventType "tourn"]
[EventRounds "10"]
[EventCountry "RUS"]
[EventCategory "19"]
[SourceTitle "CBM 043"]
[Source "ChessBase"]
[SourceDate "1994.12.01"]
[SourceVersion "1"]
[SourceVersionDate "1994.12.01"]
[SourceQuality "1"]

1. d4 {Kharitonov} d5 2. c4 c6 3. Nc3 Nf6 4. e3 g6 5. Nf3 Bg7 6. Be2 $1 (6. Bd3
{Kharitonov} O-O 7. O-O Bg4 8. h3 Bxf3 9. Qxf3 Qd6 10. Rd1 Nbd7 11. Qe2 Rfd8
12. cxd5 cxd5 13. b3 $14 {Kharitonov,A-Samarin,I/ Moscow/ 1992/1/2-1/2/ 59})
6... O-O 7. O-O dxc4 (7... Bg4 8. cxd5 cxd5 9. Qb3 $14) 8. Bxc4 Bg4 9. h3 (9.
Be2 Nbd7 10. e4 Bxf3 11. Bxf3 e5 12. d5 cxd5 13. Nxd5 Nc5 14. Be3 $14 {Lev,
R-Shvidler,E/Tel Aviv/1994/}) 9... Bxf3 10. Qxf3 Nbd7 11. Rd1 e5 12. d5 (12.
Bb3 {Kharitonov} Qe7 13. dxe5 Qxe5 (13... Nxe5 14. Qe2 Rfd8 15. f4 $5 {Alburt})
14. e4 $14 {Alburt,L - Finegold,B/ New York op/ 1994/ 1:0/ 29}) 12... e4 $5 {
Semenova} 13. Nxe4 (13. Qf4 $5 Qe7 14. dxc6 bxc6 15. Bd2 Nb6 16. Bb3 a5 (16...
Rad8 $13 {Kharitonov}) 17. Rab1 Rfd8 (17... a4 18. Bc2 Rfe8 19. Be1 a3 20. bxa3
Nfd5 21. Nxd5 Nxd5 22. Qg4 Rxa3 23. Bb3 $14 {Razuvaev,Y-Lukov,V/Geneva/1993/})
18. Be1 Nbd5 19. Bxd5 $1 cxd5 20. Nb5 Qb7 21. a4 $14 {Horvath,C-Frendzas,P/
EUCup Balatonbereny/ 1994/}) 13... Nxe4 (13... Ne5 $5 {Kharitonov} 14. Nxf6+
Bxf6 15. Qe2 Nxc4 16. Qxc4 cxd5 17. Rxd5 Qb6 $44) 14. Qxe4 Nb6 (14... Nf6 $6
15. Qf3 cxd5 16. Bxd5 Nxd5 17. e4 $1 Rc8 18. exd5 Rc2 19. Qb3 Qc8 20. Rb1 Rd8
21. Be3 b6 22. Rbc1 $16 {Hutters,T-Schwartzman,G/Groningen op/1993/}) 15. Bb3
cxd5 16. Bxd5 Nxd5 $5 (16... Re8 17. Qf3 Nxd5 18. Rxd5 Qe7 19. Rb1 Rac8 20. b3
(20. Bd2 {Kharitonov} Rc2 21. a4 Bxb2 22. e4 $14 {Muresan,M-Semenova,L (07)/
Bad Kissingen cm/ 1983/1:0/ 46}) 20... Rc2 21. a4 Bc3 22. Qd1 Qe4 23. Rd8 Rxd8
24. Qxd8+ Kg7 25. Ba3 $16 {Marin,M-Flear,G/Szirak izt/1987/}) 17. Rxd5 Qb6 18.
Qd3 $5 $146 (18. Rb1 Rad8 19. Rd2 Qa5 20. b4 Qa4 21. Qc2 Qxc2 22. Rxc2 Rc8 23.
Rxc8 Rxc8 24. Bb2 Rc2 25. Bxg7 Kxg7 26. a4 b6 27. b5 Rc4 28. Ra1 f5 $10 {
Illescas Cordoba,M-Hübner,R/Groningen PCA/1993/}) 18... Rad8 $6 {x Rf8} (18...
Rfd8 $142 $5) 19. e4 $1 Bd4 20. Kh1 $1 Bxf2 21. Bh6 Rxd5 (21... Rfe8 22. Rd1
$36 Rc8 {Kharitonov} 23. Qf3 Bc5 24. Rd7 Be7 $14) 22. exd5 Rd8 23. Rd1 $16 Qd6
(23... Qxb2 24. d6 $16) (23... Bc5 {Kharitonov} 24. Qc3 f6 25. b3 {/\ Qc4,Re1,
Bf4+/-}) 24. Qc3 f6 25. Rf1 Bh4 (25... Qb6 $2 {Kharitonov} 26. d6 $1 (26. Rxf2
$2 Qxf2 27. Qc7 Qe1+ 28. Kh2 Qe5+ $19) 26... Bd4 (26... Rxd6 27. Qc4+ Kh8 28.
Rxf2 $18) 27. Qc4+ Kh8 28. Qf7 f5 29. Re1 Qb5 30. d7 $18) 26. Qb3 $1 Bg5 (26...
Qxd5 $4 27. Rd1 $18) (26... b6 27. Qa4 (27. Bf4 {Kharitonov} Qd7 28. d6+ $16)
27... Bg5 28. Bxg5 fxg5 29. Qxa7 $16) 27. Bxg5 fxg5 28. Qxb7 Qxd5 29. Qxa7 Ra8
30. Qe3 Qxa2 (30... Rxa2 $4 31. Qe8+ Kg7 32. Qf8#) 31. Qxg5 Rb8 (31... Qxb2 $4
32. Qd5+ $18) 32. b4 $1 Qc4 (32... Rxb4 $4 33. Qd8+ Kg7 34. Qf8#) 33. Rf4 Qe6
34. Rd4 $16 Rxb4 $4 (34... Kg7 $16) (34... Qe8 $142 $16 {Kharitonov}) 35. Qd8+
$1 (35. Rxb4 $2 Qe1+ $10) 35... Kg7 36. Qc7+ Kh6 37. Qc1+ $1 (37. Qc1+ $1 g5
38. Rxb4 $18) 1-0

[Event "Olympiad-31"]
[Site "Moscow"]
[Date "1994.12.03"]
[Round "3.1"]
[White "Kramnik, Vladimir"]
[Black "Annageldyev, Orazly"]
[Result "1/2-1/2"]
[WhiteElo "2725"]
[BlackElo "2440"]
[Annotator "Stohl,I"]
[PlyCount "59"]
[EventDate "1994.12.01"]
[EventType "team-swiss"]
[EventRounds "14"]
[EventCountry "RUS"]
[SourceTitle "CBM 045"]
[Source "ChessBase"]
[SourceDate "1995.04.01"]
[SourceVersion "1"]
[SourceVersionDate "1995.04.01"]
[SourceQuality "1"]
[WhiteTeam "Russia"]
[BlackTeam "Turkmenistan"]
[WhiteTeamCountry "RUS"]
[BlackTeamCountry "TKM"]

1. Nf3 c5 2. c4 Nf6 3. Nc3 e6 4. g3 b6 5. Bg2 Bb7 6. O-O Be7 7. Re1 d6 8. e4 a6
9. d4 cxd4 10. Nxd4 Qc7 11. Be3 Nbd7 (11... Qxc4 $2 12. Rc1 Qb4 13. Nb3 $1 {
/\a3+-}) 12. f4 O-O 13. Rc1 Rfe8 14. Bf2 {/\e5+-} (14. f5 Bd8 $5 15. fxe6 fxe6
16. Bh3 Nf8 17. Bf2 N6d7 18. b4 Bf6 19. Nce2 Rac8 20. Qb3 Kh8 21. Qe3 Ne5 22.
Nf4 Qf7 $15 {Schlosser,P-Hoffmann,M/Lippstadt/1991/}) (14. Nd5 $5 exd5 15. cxd5
Qb8 16. Nc6 Bxc6 17. dxc6 Nc5 18. c7 Qxc7 19. e5 dxe5 20. Bxa8 Rxa8 21. b4 exf4
22. Bxf4 Qa7 23. bxc5 Bxc5+ 24. Kg2 Qb7+ 25. Qf3 $14 {Ftacnik,L-Browne,W/San
Francisco/1991/}) (14. g4 Nc5 15. Bf2 e5 $6 16. Nf5 Qd8 17. Nxe7+ Qxe7 18. f5
h6 19. Bh4 Rec8 20. Rc2 Bc6 21. Rd2 Nb7 22. b4 b5 23. Bf1 Qc7 24. g5 hxg5 25.
Bxg5 Nh7 26. Bh4 bxc4 27. Rg2 $40 {Yermolinsky,A-Frias,V/London Lloyds/1994/})
14... h6 $146 (14... h5 $6 15. h3 g6 16. e5 $14) (14... Bf8 15. Qe2 g6 16. e5
Bxg2 17. Kxg2 dxe5 18. fxe5 Nh5 19. Nf3 Rac8 20. b3 Red8 21. Bd4 Bc5 22. Red1
Ng7 23. Bxc5 Nxc5 24. b4 Rxd1 25. Rxd1 Nd7 26. Ne4 $36 {Wojtkiewicz,
A-Felsberger,A/Wien op/1990/}) 15. b3 (15. e5 dxe5 16. fxe5 Nh7 $13) 15... Rac8
16. h3 (16. g4 $5 $13) 16... Qb8 17. g4 Nh7 (17... g5 $6 18. f5 Bf8 19. h4 $36)
(17... e5 18. fxe5 (18. Nde2 $6 b5 $1 $36) 18... dxe5 (18... Nxe5 19. Nd5 $36)
19. Nf5 Bc5 20. Bxc5 Rxc5 21. Nd5 $14) 18. Bg3 Bd8 $1 $132 {/\b5,Bb6,Bc7,d5}
19. a4 Bc7 20. Rc2 Nc5 {/\e5,><b3} (20... d5 $2 21. exd5 exd5 (21... Bxf4 22.
Bxf4 Qxf4 23. dxe6 $16) 22. Nxd5 Bxd5 23. cxd5 $1 {/\} Bxf4 $2 24. Rxc8 Rxc8
25. Nc6 {/\Ne7+-}) 21. Rf2 (21. b4 Nd7 {><c4}) 21... Rf8 (21... Nf8 22. h4 e5
23. Nf5 Ng6 24. fxe5 dxe5 25. Nd5 Rcd8 26. Qf3 $40) 22. h4 Rcd8 23. g5 hxg5 24.
fxg5 (24. hxg5 $5 d5 (24... g6 25. f5 $5 $36) 25. exd5 Nxg5 26. Qh5 $13) 24...
d5 $1 25. Bxc7 Qxc7 26. exd5 (26. cxd5 Qg3 27. Rf3 Qxh4 28. b4 Nxg5 $17) 26...
Qg3 27. Rf3 (27. Nf3 exd5 28. cxd5 Rfe8 $5 $132) 27... Qxh4 28. Rh3 $8 Qxg5 29.
b4 exd5 $5 (29... Nd7 30. Ne4 $40) 30. cxd5 (30. bxc5 dxc4 31. c6 $5 (31. Ne4
Qe5 $1 (31... Bxe4 32. Rxe4 bxc5 (32... Qxc5 $142 $5) 33. Rg4 Rxd4 34. Qc2 $16)
32. Nd6 Qxc5 33. Nxb7 Qxd4+ 34. Qxd4 Rxd4 35. Rb1 $10) 31... Bxc6 32. Ne4 (32.
Nxc6 Rxd1 33. Rxd1 Re8 $15) 32... Bxe4 33. Rxe4 {/\Reh4}) (30. cxd5 Ne6 $5 (
30... Nd7 31. Ne4 Qg6 32. Ree3 $5 {/\} (32. Rg3 Qh6 33. Rh3 $10) 32... Bxd5 33.
Reg3 Bxe4 34. Rxg6 Bxg6 35. Nc6 $16) 31. Nxe6 (31. Rh5 $6 Qf6 (31... Qg3 32.
Rh3 Qg5 $10) 32. dxe6 Rxd4 33. Qc2 g6 $15) (31. Ne4 $2 Qxd5 32. Nf6+ Nxf6 33.
Bxd5 Rxd5 $17) 31... fxe6 32. Ne4 $44 (32. Rxe6 $5 Nf6 $132)) 1/2-1/2

[Event "Olympiad-31"]
[Site "Moscow"]
[Date "1994.12.06"]
[Round "6.2"]
[White "Kramnik, Vladimir"]
[Black "Georgiev, Kiril"]
[Result "1-0"]
[WhiteElo "2725"]
[BlackElo "2615"]
[Annotator "Kramnik,V"]
[PlyCount "81"]
[EventDate "1994.12.01"]
[EventType "team-swiss"]
[EventRounds "14"]
[EventCountry "RUS"]
[SourceTitle "CBM 045"]
[Source "ChessBase"]
[SourceDate "1995.04.01"]
[SourceVersion "1"]
[SourceVersionDate "1995.04.01"]
[SourceQuality "1"]
[WhiteTeam "Russia"]
[BlackTeam "Bulgaria"]
[WhiteTeamCountry "RUS"]
[BlackTeamCountry "BUL"]

1. Nf3 {Hecht Dolmatov} d5 2. d4 Nf6 3. c4 c6 4. Nc3 dxc4 5. a4 Bf5 6. Ne5 e6
7. f3 Bb4 8. e4 Bxe4 9. fxe4 Nxe4 10. Bd2 Qxd4 11. Nxe4 Qxe4+ 12. Qe2 Bxd2+ 13.
Kxd2 Qd5+ 14. Kc2 Na6 15. Nxc4 O-O-O (15... Qf5+ {Dolmatov} 16. Kc1 Rd8 (16...
O-O-O $2 17. Qe5 Qf2 18. Qe3 Qf5 19. Qxa7) 17. Qe5 Qf2 18. Qe3 Qf5) 16. Qe3 (
16. Qe5 $1 {Usual I prefer this move} f6 17. Qe3 (17. Qxd5 cxd5 18. Na3 Nb4+
19. Kd2 Kd7 20. Rc1 Rc8 21. Rc3 b6 $1 22. Bb5+ Kd6 23. Be2 a6 {Kramnik,
V-Lautier,J/Linares/1994/}) 17... Kb8 18. Be2 Qxg2 (18... e5 19. g3 Qe6 20. b3
Rd5 21. Kb2 Rhd8 22. Rad1 Nb4 23. Qc3 Qe7 {Kramnik,V-Ivanchuk,V/Linares/1994/})
19. Rhg1 Qxh2 20. Rxg7 Nb4+ 21. Kb3 Nd5 22. Qf3 h5 $5 23. Rf1 Rc8 24. Ka2 Rc7
25. Rfg1 {Kramnik,V-Lautier,J/Cannes/1993/}) 16... Kb8 $6 (16... Nc5 $142) 17.
Be2 $16 Ka8 $6 (17... Qxg2 $5 18. Rhg1 (18. Qe5+ {Dolmatov} Ka8 19. Rhg1 Qd5
20. Rxg7 $16) 18... Qxh2 19. Rxg7) (17... e5 {Dolmatov} 18. Rhd1 $16) (17... f6
$5 {Dolmatov} 18. Rad1 Qf5+ 19. Kc1 e5 $14) 18. g4 {><f5 (preventing Qd5-f5)} (
18. g3 $5) 18... f6 (18... Nc7 $142 19. Rad1 Qg2 20. Qf3 $5 Qxf3 21. Bxf3 $16)
19. Rhd1 Qg2 20. Rxd8+ Rxd8 21. Qxe6 (21. Rd1 $6 Rxd1 22. Kxd1 Qd5+ $14) 21...
Qxh2 (21... Nb4+ 22. Kb3 Nd5 23. Rd1 Qxh2 24. Bf3 Qh3 25. Rd3 Qf1 26. Be4 Rb8
27. Rxd5 $1 cxd5 28. Qxd5 $18) (21... Nc7 22. Qe7 Re8 23. Qxc7 (23. Rd1 $2
Qxe2+ 24. Qxe2 Rxe2+ 25. Kb3 Nd5 $17) 23... Qxe2+ 24. Kc3 (24. Nd2 {Dolmatov}
Qxg4 $10 25. Re1 Qxa4+ 26. b3 Qa2+ 27. Kc3 Rb8) 24... Qf3+ (24... Qxg4 $6 25.
a5 $1 Qf3+ 26. Kb4 Qe4 (26... Qg4 27. a6 $18) 27. Rd1 $40) 25. Kb4 Qxg4 (25...
b6 26. b3) 26. Re1 $5 Rc8 27. Qf7 $16) 22. Rd1 Rb8 23. a5 $5 (23. Qe7 Nb4+ 24.
Qxb4 Qxe2+ 25. Rd2 $16) 23... Nc7 (23... Nb4+ 24. Kb3 (24. Kb1 $5) 24... Nd5
$16) 24. Nb6+ $3 (24. Ra1 $2 Re8 25. Nb6+ Kb8) 24... axb6 25. axb6 Na6 (25...
Re8 26. bxc7 Qxe2+ 27. Qxe2 Rxe2+ 28. Kc1) (25... Rh8 $1 26. bxc7 Qxc7 27. Rd7
$16) 26. Ra1 Rd8 (26... Qf2 27. Rxa6+ bxa6 28. Qxc6+ Rb7 29. Qc8+ Rb8 30. Qxa6#
) (26... Qg2 27. Qe7 {/\ Ra6}) (26... Qe5 27. Rxa6+ (27. Bxa6 {Dolmatov} bxa6
28. Qxc6+ $18) 27... bxa6 28. Qxc6+ Rb7 29. Bf3 Qb8 30. Kb1 h6 31. Qc4 $18) (
26... Rh8 27. Qe7 Kb8 (27... Qb8 28. Bxa6) 28. Rxa6 bxa6 29. Qa7+ Kc8 30. b7+
$18) 27. Qe7 Qd6 28. Rxa6+ Kb8 29. Qxd6+ (29. Qxg7 $2 Rd7 30. Qg8+ Rd8 31. Qxh7
Rd7 $10) 29... Rxd6 30. Ra3 c5 31. Rb3 g6 32. Rb5 Re6 33. Bd3 Re5 34. b4 $1 h5
(34... Rg5 $142 {Trying a last trap!} 35. Be2 cxb4 36. Rxb4 $1 (36. Rxg5 $2
fxg5 37. Kb3 h5 38. gxh5 gxh5 39. Bxh5 Kc8 $10)) (34... cxb4 35. Rxe5 fxe5 36.
g5 Kc8 37. Be4 $18 (37. Bc4 {Hecht} Kd7 38. Bg8 Ke7 39. Bd5 Kd6 40. Bxb7 Kc5
41. Bd5 Kxb6 42. Bg8 e4 43. Bxh7 Kc5 44. Bxg6 Kd4 45. Bxe4 $18)) (34... c4 35.
Bxc4 Rxb5 36. Bxb5 h5 37. gxh5 gxh5 38. Be2 h4 39. Bg4 $18) 35. Rxc5 Re6 36.
gxh5 gxh5 37. Rxh5 Rxb6 38. Kc3 Rc6+ 39. Kd4 Rb6 40. Kc5 Rc6+ 41. Kd5 1-0

[Event "Amber-rapid 04th"]
[Site "Monte Carlo"]
[Date "1995.??.??"]
[Round "10"]
[White "Kramnik, Vladimir"]
[Black "Ljubojevic, Ljubomir"]
[Result "1-0"]
[WhiteElo "2715"]
[BlackElo "2580"]
[PlyCount "97"]
[EventDate "1995.03.??"]
[EventType "tourn (rapid)"]
[EventRounds "11"]
[EventCountry "MNC"]
[EventCategory "18"]
[SourceTitle "CBM 046 Extra"]
[Source "ChessBase"]
[SourceDate "1995.07.01"]
[SourceVersion "1"]
[SourceVersionDate "1995.07.01"]
[SourceQuality "1"]

1. Nf3 c5 2. e4 d6 3. Bb5+ Nd7 4. d4 Ngf6 5. Nc3 cxd4 6. Qxd4 a6 7. Bxd7+ Bxd7
8. Bg5 Bc6 9. O-O-O h6 10. Bxf6 gxf6 11. Rhe1 b5 12. Kb1 e6 13. Nd5 Bg7 14. Qd3
h5 15. Nf4 Bf8 16. Nd4 Bd7 17. Nf5 Qc7 18. Nxd6+ Bxd6 19. Qxd6 Rc8 20. Qxc7
Rxc7 21. h4 Ke7 22. g3 b4 23. Re3 Bb5 24. a3 a5 25. axb4 axb4 26. Rd4 Rc4 27.
Rxc4 Bxc4 28. b3 Ba6 29. e5 f5 30. c3 bxc3 31. Rxc3 Kd7 32. Kb2 Bb7 33. b4 Be4
34. Kb3 Bd5+ 35. Nxd5 exd5 36. f4 Rd8 37. b5 f6 38. exf6 d4 39. Rd3 Kc7 40. Kc4
Rf8 41. Kxd4 Rxf6 42. Ke5 Rf8 43. Ke6 Kb6 44. Rd5 Rg8 45. Rxf5 Rxg3 46. Rxh5
Rg6+ 47. Kf5 Rd6 48. Ke4 Rd1 49. Re5 1-0

[Event "PCA/Intel-GP"]
[Site "Moscow"]
[Date "1995.04.27"]
[Round "1.4"]
[White "Smirin, Ilia"]
[Black "Kramnik, Vladimir"]
[Result "0-1"]
[WhiteElo "2630"]
[BlackElo "2715"]
[Annotator "Vaisser,A"]
[PlyCount "134"]
[EventDate "1995.04.??"]
[EventType "k.o. (rapid)"]
[EventRounds "4"]
[EventCountry "RUS"]
[SourceTitle "CBM 046 Extra"]
[Source "ChessBase"]
[SourceDate "1995.07.01"]
[SourceVersion "1"]
[SourceVersionDate "1995.07.01"]
[SourceQuality "1"]

1. e4 c5 2. Nf3 Nc6 3. Bb5 g6 4. Bxc6 dxc6 5. d3 Bg7 6. O-O Bg4 7. h3 Bxf3 8.
Qxf3 Nf6 9. a4 Nd7 10. Nd2 O-O 11. Qe2 e5 12. b3 Re8 13. Nc4 Nf8 14. Be3 Ne6
15. a5 Qc7 16. Rfd1 b5 17. axb6 axb6 18. Qf1 b5 19. Nd2 Nd4 20. Bxd4 cxd4 21.
Rxa8 Rxa8 22. Ra1 Ra5 23. Qd1 Qa7 24. Rxa5 Qxa5 25. Nf3 h6 26. Kf1 c5 27. Ke2
Qa2 28. Nd2 Bf8 29. Nf3 Bd6 30. Nd2 Kg7 31. Qb1 Qa3 32. Nf3 Bc7 33. Nd2 Ba5 34.
Nf3 Kf6 35. Nh2 Ke6 36. g4 Bd8 37. Nf3 g5 38. Nd2 Ba5 39. Nf1 f6 $2 (39... Bd8
40. Ng3 Be7 41. Nf5 Bf8) 40. Ng3 Qb4 41. Qd1 c4 42. bxc4 bxc4 43. Nf5 Qb2 44.
Nxh6 (44. dxc4 $132 Qc3) 44... c3 45. Nf5 Bb4 46. Kf3 Bf8 47. Ng3 Be7 48. Nf5
Bf8 49. h4 gxh4 50. Nxh4 $2 (50. Kg2 $18) 50... Bh6 51. Nf5 Bg5 52. Kg2 Kd7 53.
Qh1 Qxc2 54. Qh7+ (54. Qa1 $5) 54... Kc6 55. Ne7+ Kb5 56. Nd5 Ka4 57. Qb7 Ka3
58. Qb4+ Ka2 59. Nb6 Qb3 60. Qa5+ Kb1 61. Nc4 c2 62. Na3+ Qxa3 63. Qxa3 c1=Q
64. Qb3+ Ka1 65. Kf3 Qc3 66. Qd1+ Kb2 67. Ke2 Qc2+ 0-1

[Event "PCA/Intel-GP"]
[Site "Moscow"]
[Date "1995.04.29"]
[Round "2.2"]
[White "Kramnik, Vladimir"]
[Black "Jussupow, Artur"]
[Result "1-0"]
[WhiteElo "2715"]
[BlackElo "2660"]
[Annotator "Vaisser,A"]
[PlyCount "49"]
[EventDate "1995.04.??"]
[EventType "k.o. (rapid)"]
[EventRounds "4"]
[EventCountry "RUS"]
[SourceTitle "CBM 046 Extra"]
[Source "ChessBase"]
[SourceDate "1995.07.01"]
[SourceVersion "1"]
[SourceVersionDate "1995.07.01"]
[SourceQuality "1"]

1. Nf3 d5 2. d4 Nf6 3. c4 e6 4. Nc3 Be7 5. Bf4 O-O 6. e3 c5 7. dxc5 Bxc5 8. a3
Nc6 9. Be2 dxc4 10. Bxc4 Qxd1+ 11. Rxd1 b6 12. e4 Bb7 13. e5 Ng4 14. Ne4 Rfd8
15. O-O Na5 16. Nxc5 Bxf3 $2 (16... bxc5 $14) 17. Rxd8+ Rxd8 18. Nxe6 Re8 19.
Nc7 Rc8 20. e6 Nxc4 21. e7 Bc6 22. Rd1 Re8 23. Nxe8 Bxe8 24. Rd8 Nf6 25. Bg5
1-0

[Event "Riga Tal Memorial"]
[Site "Riga"]
[Date "1995.??.??"]
[Round "1"]
[White "Kramnik, Vladimir"]
[Black "Kengis, Edvins"]
[Result "1-0"]
[WhiteElo "2715"]
[BlackElo "2575"]
[Annotator "Ftacnik,L"]
[PlyCount "81"]
[EventDate "1995.04.??"]
[EventType "tourn"]
[EventRounds "11"]
[EventCountry "LAT"]
[EventCategory "17"]
[SourceTitle "CBM 047"]
[Source "ChessBase"]
[SourceDate "1995.08.01"]
[SourceVersion "1"]
[SourceVersionDate "1995.08.01"]
[SourceQuality "1"]

1. Nf3 {Baburin} Nf6 2. c4 c5 3. Nc3 Nc6 4. g3 e6 5. Bg2 d5 6. cxd5 Nxd5 7. O-O
Be7 8. d4 O-O 9. Nxd5 exd5 10. dxc5 Bxc5 11. Bg5 f6 12. Bd2 Bf5 (12... Qe7 {
Baburin} 13. Bc3 Rd8 14. e3 Bf5) 13. Qb3 Bb6 14. Be3 (14. Rad1 Be4 15. Bc3 Qe7
16. e3 Rad8 17. Bd4 Nxd4 18. Nxd4 Bxg2 19. Kxg2 Qe4+ 20. Kg1 h5 21. Ne2 Qc4 22.
Nf4 Qxb3 23. axb3 d4 24. Ne6 {Larsen,B-Bareev,E/Naestved op/1988/1-0 (50)})
14... Na5 (14... Bxe3 15. Qxe3 Re8 (15... d4 {Baburin} 16. Qf4 {/\Rfd1, Rd2 +
Rad1.}) 16. Qb3 Na5 17. Qb5 a6 18. Qb4 Be4 19. Rac1 Nc4 20. Rfd1 a5 21. Qb5 Nd6
22. Qb3 Qe7 23. Nh4 a4 24. Qb4 {Groszpeter,A-Farago,I/Budapest/1986/1-0 (37)})
15. Qc3 Bxe3 16. Qxe3 Re8 17. Qc5 b6 (17... Rxe2 $2 18. Nd4 Re5 19. f4 $16) 18.
Qb5 a6 19. Qa4 b5 (19... Rxe2 20. Nd4 Re5 21. f4 Bd7 22. Qd1) 20. Qf4 Be4 21.
Rac1 Nc4 22. b3 Ne5 (22... Nd6 23. Rc6 Nf7 24. Rfc1 $16) 23. Nd4 Bxg2 24. Kxg2
Qb6 25. Rfd1 Rad8 $6 {Baburin: This position is definitely in White's favour:
he blockades the isolated pawn and controls the c-file. The potential weakness
of the e6-square does not make Black's life any easier.} (25... Rac8 $5) 26.
Qf5 g6 27. Qc2 Rd7 (27... Rc8 28. Qxc8 Rxc8 29. Rxc8+ Kf7 30. e3 Ke7 31. Rdc1
$16) 28. h3 Kg7 29. Qc5 Qb7 (29... Qxc5 30. Rxc5 Nf7 31. e3 $14 {xd5}) 30. Rc3
b4 $6 (30... Ree7 $142 $14) 31. Rc2 Ree7 32. Rdc1 h5 (32... Re8 33. Qa5) 33.
Qc8 Qb6 (33... Qxc8 34. Rxc8 f5 35. R1c5 $16) 34. e3 Rd8 $2 (34... Rb7) 35.
Ne6+ $1 Qxe6 (35... Rxe6 36. Rc7+ Rd7 37. Rxd7+ Nxd7 38. Qxd7+ Kh6 39. Rc8 $1
$18) 36. Qxd8 Nf7 37. Qc8 Qe4+ 38. Kg1 Ng5 39. Rc7 $1 Nf3+ 40. Kf1 Nh2+ 41. Ke2
(41. Ke2 Qf3+ 42. Ke1 Qh1+ 43. Kd2 Nf3+ 44. Kc2 Ne1+ 45. Rxe1 $18) 1-0